Problem of sign

Jazyk ako systém. Semiotika a problém jazykového znaku ako nevyhnutný podklad lingivstickej ekonómie a slovotvorby. Predstavenie modelov lingvistického znaku.

Gespeichert in:
Bibliographische Detailangaben
1. Verfasser: Kapráliková, Ivana, 1974-
Format: Buchkapitel
Sprache:Englisch
Schlagworte:
Tags: Tag hinzufügen
Keine Tags, Fügen Sie das erste Tag hinzu!

MARC

LEADER 00000nla a2200000 4500
001 0239562
005 20240502073901.8
041 0 |a eng 
044 |a SK 
245 1 0 |a Problem of sign  |c Ivana Kapráliková 
520 |a Jazyk ako systém. Semiotika a problém jazykového znaku ako nevyhnutný podklad lingivstickej ekonómie a slovotvorby. Predstavenie modelov lingvistického znaku. 
610 2 0 |a jazykoveda 
610 2 0 |a semiotika 
610 2 0 |a jazyk materinský 
610 2 0 |a jazyky cudzie 
610 2 0 |a slovotvorba 
610 2 0 |a zásoba slovná 
610 2 0 |a komunikácia 
610 2 0 |a systém 
100 1 |a Kapráliková, Ivana, 1974-